书目信息 |
| 题名: |
新型管材与管件应用指南
|
|
| 作者: | 丁志华 , 邱惠清 编著 | |
| 分册: | ||
| 出版信息: | 上海 同济大学出版社 2002.05 |
|
| 页数: | 237页 | |
| 开本: | 26cm | |
| 丛书名: | ||
| 单 册: | ||
| 中图分类: | TU5-62 | |
| 科图分类: | ||
| 主题词: | 建筑材料 | |
| 电子资源: | ||
| ISBN: | 7-5608-2395-5 | |
| 000 | 00644nam0 2200205 45 | |
| 001 | 0254740788 | |
| 005 | 2002102915122079 | |
| 010 | @a7-5608-2395-5@dRMB 25.00 | |
| 100 | @a20021029d2002 km y0chiy0120 ea | |
| 101 | 0 | @achi |
| 102 | @aCN@b310000 | |
| 200 | 1 | @a新型管材与管件应用指南@Axin xing guan cai yu guan jian ying yong zhi nan@f丁志华,邱惠清编著@Fding zhi hua,qiu hui qing bian zhu |
| 210 | @a上海@c同济大学出版社@d2002.05 | |
| 215 | @a237页@d26cm | |
| 606 | 0 | @a建筑材料 |
| 690 | @aTU5-62@v3 | |
| 701 | 0 | @a丁志华@Ading zhi hua@4编著 |
| 701 | 0 | @a邱惠清@Aqiu hui qing@4编著 |
| 801 | 0 | @aCN@bPFT@c20021029 |
| 905 | @a10447@dTU5-62@eD600 | |
| 新型管材与管件应用指南/丁志华,邱惠清编著.-上海:同济大学出版社,2002.05 |
| 237页;26cm |
| ISBN 7-5608-2395-5:RMB 25.00 |
| ● |
| 相关链接 |
|
|
|
正题名:新型管材与管件应用指南
索取号:TU5-62/D600
 
预约/预借
| 序号 | 登录号 | 条形码 | 馆藏地/架位号 | 状态 | 备注 |
| 1 | 364898 | 203648981 | 建筑库201/ [索取号:TU5-62/D600] | 在馆 | |
| 2 | 364899 | 203648990 | 建筑库201/201建筑库 4排1列2层/ [索取号:TU5-62/D600] | 在馆 | |
| 3 | 364900 | 203649007 | 建筑库201/201建筑库 4排1列2层/ [索取号:TU5-62/D600] | 在馆 |